000 01405nam2a22002531 4500
001 rc\3713929
005 20250610063911.0
021 _aRU
_bРг15017-73
021 _aRU
_b73-80806
035 _a(NLR Aleph) 007770084
090 _a7458903
_c7458903
100 _a20130115d1973 |||y0rusy50 ca
101 0 _arus
102 _aRU
105 _ay z |||||
200 1 _aСтатистика инфекционных и важнейших неэпидемических заболеваний
210 _d1973
_aБ. м.
215 _a[1], 26 с.
_d21
461 0 _1001rc\3713927
_12001#$aСтатистика заболеваемости$eЛекция 2-$fМ-во здрав. СССР. Центр. ин-т усовершенствования врачей. Моск. междунар. курсы организаторов здравоохранения$vЛекция 3
_1700#1$aСлучанко$bИ.С.$gИнесса Сергеевна
_97458886
_aСлучанко, И.С.
_cМосква
_d1972
_fМ-во здрав. СССР. Центр. ин-т усовершенствования врачей. Моск. междунар. курсы организаторов здравоохранения
_nБ. и.
_oЛекция 2-
_tСтатистика заболеваемости
_vЛекция 3
801 0 _aRU
_bNLR
_gpsbo
801 1 _aRU
_bELAR
_2rusmarc
852 _aNLR
_j72-4/39078
942 _cBOOK
980 _aNB